000 00509nam a2200193Ia 4500
003 OSt
005 20221007082748.0
006 a|||||r|||| 00| 0
007 ta
008 221006b |||||||| |||| 00| 0 eng d
024 _a22,664
037 _cDissertations
040 _aFLL
_cFLL
_beng
041 _2eng
_aeng
100 _aBhardwaj A.K.
_9699429
245 0 _aMilitary Law in India - A critical appaisal of judicial review.
942 _cDIS
_2CC
999 _c1167654
_d1167654